| Tag |
First Indicator |
Second Indicator |
Subfields |
| LEADER |
00000pam a2200000 i 4500 |
| 001 |
in00000346913 |
| 005 |
20151011052415.0 |
| 008 |
760707s1976 nyua b 00100 eng |
| 010 |
|
|
|a 76025092
|
| 020 |
|
|
|a 0070387427
|
| 035 |
|
|
|a (OCoLC)02346171
|
| 035 |
|
|
|9 ABL3434AM
|
| 040 |
|
|
|a DLC
|c DLC
|d TXA
|d UtOrBLW
|
| 043 |
|
|
|a n-us---
|
| 049 |
|
|
|a TXAM
|c [1433584]
|
| 050 |
0 |
0 |
|a HD6095
|b .N39
|
| 082 |
0 |
|
|a 301.41/2/0973
|
| 245 |
0 |
0 |
|a New life options :
|b the working woman's resource book /
|c [edited by] Rosalind K. Loring, Herbert A. Otto.
|
| 264 |
|
1 |
|a New York :
|b McGraw-Hill,
|c [1976]
|
| 264 |
|
4 |
|c ©1976
|
| 300 |
|
|
|a vii, 487 pages :
|b illustrations ;
|c 25 cm.
|
| 336 |
|
|
|a text
|b txt
|2 rdacontent
|
| 337 |
|
|
|a unmediated
|b n
|2 rdamedia
|
| 338 |
|
|
|a volume
|b nc
|2 rdacarrier
|
| 504 |
|
|
|a Includes bibliographies and index.
|
| 650 |
|
0 |
|a Women
|x Employment
|z United States.
|
| 650 |
|
0 |
|a Women
|x Health and hygiene.
|
| 650 |
|
0 |
|a Interpersonal relations.
|
| 650 |
|
0 |
|a Women's rights
|z United States.
|
| 700 |
1 |
|
|a Loring, Rosalind K.
|
| 700 |
1 |
|
|a Otto, Herbert Arthur.
|
| 999 |
|
|
|a MARS
|
| 999 |
f |
f |
|s 87e95f5c-5893-303c-b28c-656d28cbf66e
|i 67569d9d-30ef-3c87-9577-885d1cee886b
|t 0
|
| 952 |
f |
f |
|p normal
|a Texas A&M University
|b College Station
|c Sterling C. Evans Library
|d Evans: Library Stacks
|t 0
|e HD6095 .N39
|h Library of Congress classification
|i unmediated -- volume
|m A14802686728
|
| 998 |
f |
f |
|a HD6095 .N39
|t 0
|l Evans: Library Stacks
|